| 000 -ლიდერი |
| ფიქსირებული სიგრძის საკონტროლო ველი |
01805nam a2200241Ia 4500 |
| 001 - საკონტროლო ნომერი |
| საკონტროლო ველი |
18652 |
| 003 - საკონტროლო ნომრის იდენტიფიკატორი |
| საკონტროლო ველი |
GE_BSU |
| 005 - ბოლო ოპერაციის თარიღი და დრო |
| საკონტროლო ველი |
20220920111344.0 |
| 008 - ფიქსირებული სიგრძის მონაცემთა ელემენტები - ზოგადი ინფორმაცია |
| ფიქსირებული სიგრძის საკონტროლო ველი |
181216s2012||||ge |||||||||||||| ||geo|| |
| 040 ## - კატალოგიზაციის წყარო |
| Transcribing agency |
GE_BSU |
| 041 ## - ენის კოდი |
| Language code of text/sound track or separate title |
geo |
| 080 ## - უნივერსალური ათობითი კლასიფიკაციის ინდექსი |
| Universal Decimal Classification number |
81 მ-89 |
| 100 ## - მთავარი ჩანაწერი - პიროვნების სახელი |
| Personal name |
მჟავანაძე, ეკატერინე |
| 9 (RLIN) |
6017 |
| 245 ## - ცნობა სათაურის შესახებ |
| Title |
ტექსტებზე ორიენტირებული კომპეტენციების სწავლება / სწავლა უცხოური ენების მაგალითზე : დისერტაცია / |
| Statement of responsibility, etc |
ეკატერინე მჟავანაძე; სამეცნიერო ხელმძღვანელი ციალა მეგრელაძე და ირინე გოშხეთელიანი; ბათუმის შოთა რუსთაველის სახელმწიფო უნივერსიტეტი. |
| 264 ## - წარმოების, გამოცემის, დისტრიბუციის და სხვა ცნობები |
| გამოცემის, წარმოების, დისტრიბუციის... ადგილი |
ბათუმი, |
| გამოცემის, წარმოების, დისტრიბუციის... თარიღი |
2012. |
| 300 ## - ფიზიკური აღწერა |
| Extent |
187 გვ.; |
| Other physical details |
30 სმ. |
| 653 ## - INDEX TERM--UNCONTROLLED |
| Uncontrolled term |
დისერტაცია |
| 653 ## - INDEX TERM--UNCONTROLLED |
| Uncontrolled term |
ტექსტებზე ორიენტირებული კომპეტენციების სწავლება/სწავლა უცხოური ენების მაგალითზე |
| 700 ## - ADDED ENTRY--PERSONAL NAME |
| Personal name |
მეგრელაძე, ციალა |
| Relator term |
სამეცნიერო ხელმძღვანელი |
| 9 (RLIN) |
1081 |
| 700 ## - ADDED ENTRY--PERSONAL NAME |
| Personal name |
გოშხეთელიანი, ირინე |
| Relator term |
სამეცნიერო ხელმძღვანელი |
| 9 (RLIN) |
11731 |
| 710 ## - ADDED ENTRY--CORPORATE NAME |
| Corporate name or jurisdiction name as entry element |
ბათუმის შოთა რუსთაველის სახელმწიფო უნივერსიტეტი |
| 9 (RLIN) |
11732 |
| 942 ## - ADDED ENTRY ELEMENTS (KOHA) |
| Koha item type |
წიგნი |
| Source of classification or shelving scheme |
|